Informació general : L'Alta Anoia, la Segarra històrica : història, natura i tradició: una nova cara de la ruralitat L'Alta Anoia, la Segarra històrica :
Descripción Física:
[8] p. : il. col., fot. ; 21 cm
MARC
| LEADER | 00000nam a2200000Ia 4500 | ||
|---|---|---|---|
| 001 | 18404 | ||
| 008 | 160829s9999 xx 000 0 cat d | ||
| 080 | |a FU-1-57 | ||
| 245 | |a Informació general : |b L'Alta Anoia, la Segarra històrica : |b història, natura i tradició: |b una nova cara de la ruralitat | ||
| 260 | |a [Barcelona] : |b Diputació de Barcelona, Servei d'Esports i Turisme, [19-- ?] | ||
| 300 | |a [8] p. : |b il. col., fot. ; |c 21 cm | ||
| 590 | |a A la portada: Turisme Total. | ||
| 650 | |a Alta Anoia |x Guies |9 38899 | ||
| 650 | |a Alta Anoia |x Circuits turístics |9 38900 | ||
| 710 | 2 | |a Barcelona (Catalunya : Província). |b Servei d'Esports i Turisme |9 54307 | |
| 901 | |a Arxiu | ||
| 942 | |n 1 | ||
| 952 | |0 0 |1 0 |4 0 |6 FU157 |7 1 |9 48667 |a Arxiu |b Arxiu |d 2016-12-01 |l 0 |o FU-1-57 |p 18404 |r 2016-12-01 00:00:00 |w 2016-12-01 |y ARXIU | ||
| 999 | |c 52497 |d 52497 | ||